000 00969nam a22003017a 4500
003 CHAP
005 20220329140642.0
008 971013s1982 r 00010 d
010 _a55393
011 _a56365
035 _a60518
040 _cCHAP
082 _a632.9
_bS54
100 0 0 _aSill, Webster H., Jr.
_9105946
245 _aPlant protection ; an integrated interdisciplinary approach
260 _aAmes :
_bIowa State University,
_c1982
300 _a297 p.
_b: ilus.
590 _aBATCH-UPD
_b10
_c20130110
_lUCH01
_h1843
590 _aBATCH-UPD
_b10
_c20130410
_lUCH01
_h1213
590 _aBATCH-UPD
_b10
_c20130914
_lUCH01
_h1041
590 _aCONVERSION
_b10
_c20130109
_lUCH01
_h1330
650 1 4 _aControl de plagas.
_927595
650 1 4 _aFitopatología.
_941161
901 _aBK
942 _cLIBRO
949 _a632.9 S54
_bBC
_cLIBRO
_d33724000184669
_eLIBRO
_h62287
_i60518
_si
949 _a632.9 S54
_bBC
_cLIBRO
_d33724000184677
_eLIBRO
_fc.2
_h58423
_i60518
_sb
999 _c55393
_d55393